000 01241 a2200217 4500
001 54364
005 20260407155816.0
008 260407a1984 arg spa d
003 AR-UNSa-BCEJYS
040 _aAR-UNSa-BCEJYS
_bspa
_cAR-UNSa-BCEJYS
080 _a338.43
_xAgricultura como una rama de la economía. Economía de los productos alimenticios
245 1 0 _aEconomía social agraria
_pteoría y acción del cooperativismo en el ámbito rural
020 _a950-14-0206-1
264 1 _aBuenos Aires :
_bEdiciones Depalma
_c1984
300 _a433 p.
_c23 cm.
505 _a1. Las líneas distintivas del desarrollo Argentino – 2. Unidad de explotación agraria y concentración vertical cooperativa – 3. Acción cooperativa agraria – 4. Un lustro de reivindicaciones agrarias: 1928/33 – 5. La implantación de un sistema general de elevadores de granos – 6. La asociación de cooperativas Argentinas y la primera red de elevadores de granos en la afluencia al puerto de rosario – 7. 1932. La dura batalla – 8. La defensa de la producción agropecuaria – 9. Cooperativismo agrario y desarrollo económico.
041 _aspa
942 _cBK
590 _aniveau_biblio:m niveau_hierar:0
100 1 _aCarracedo, Orlando
999 _c5524
_d5524